| 000 | 00669nam a2200253Ia 4500 | ||
|---|---|---|---|
| 003 | OSt | ||
| 005 | 20221005082108.0 | ||
| 006 | a|||||r|||| 00| 0 | ||
| 007 | ta | ||
| 008 | 221004b |||||||| |||| 00| 0 hin d | ||
| 024 | _a47534 | ||
| 037 | _cTextual | ||
| 040 |
_aCRL _cCRL _bhin |
||
| 041 |
_2hin _ahin |
||
| 082 | _aO152,1M89w, 31M5 | ||
| 100 |
_aKesavan M.S. _9611543 |
||
| 245 | 0 | _aJaishankar prasath | |
| 260 |
_aNew Delhi _bSahitya Akademi India _c1985 |
||
| 300 |
_a124p. _ccm. |
||
| 650 | _a TAMIL LANGUAGE | ||
| 650 | _aHINDI LANGUAGE | ||
| 942 |
_hO152,1M89w, 31M5 _cTEXL _2cc |
||
| 999 |
_c988707 _d988707 |
||